[Event "DEN-chT 1920 58th"]
[Site "Denmark"]
[Date "2020.01.26"]
[Round "6.5"]
[White "Rosenkilde, Alexander"]
[Black "Ostergaard, Jens"]
[Result "1/2-1/2"]
[WhiteElo "2252"]
[BlackElo "2228"]
[PlyCount "124"]
[EventDate "2019.11.23"]
[EventType "team-tourn"]
[EventRounds "9"]
[EventCountry "DEN"]
[SourceTitle "CBM 195 Extra"]
[Source "ChessBase"]
[SourceDate "2020.05.31"]
[SourceVersion "1"]
[SourceVersionDate "2020.05.31"]
[SourceQuality "1"]
[WhiteTeam "Jetsmark"]
[BlackTeam "Hillerod"]
[WhiteTeamCountry "DEN"]
[BlackTeamCountry "DEN"]

1. d4 Nf6 2. c4 e6 3. g3 c5 4. Nf3 cxd4 5. Nxd4 d5 6. Bg2 e5 7. Nf3 d4 8. 0-0 Nc6 9. e3 Be7 10. exd4 exd4 11. Bf4 0-0 12. Qb3 Bd6 13. Bxd6 Qxd6 14. Na3 Rb8 15. Rad1 Be6 16. Qd3 Rfd8 17. Nc2 Qc5 18. b3 Bf5 19. Qd2 Ne4 20. Qf4 Nc3 21. Rd2 d3 22. Ne3 Ne2+ 23. Rxe2 dxe2 24. Re1 Bg6 25. Rxe2 Nd4 26. Nxd4 Qxd4 27. Qxd4 Rxd4 28. Bf3 a5 29. Nd5 Rd1+ 30. Kg2 Bd3 31. Re8+ Rxe8 32. Bxd1 Be4+ 33. Bf3 Bxd5 34. Bxd5 b6 35. Kf1 Re5 36. Bc6 Kf8 37. a3 Ke7 38. b4 Kd6 39. Bf3 axb4 40. axb4 f6 41. h4 Re7 42. Kg2 Re1 43. Bb7 Kc7 44. Bd5 Rb1 45. b5 Re1 46. Bg8 h6 47. Kf3 Kd6 48. Kg4 Re5 49. f4 h5+ 50. Kf3 Re1 51. Bf7 Kc5 52. Kf2 Re7 53. Bxh5 Kxc4 54. Be2+ Rxe2+ 55. Kxe2 Kxb5 56. g4 Kc6 57. h5 Kd5 58. Kd3 b5 59. g5 fxg5 60. fxg5 Ke5 61. h6 gxh6 62. gxh6 Kf6 1/2-1/2

[Event "DEN-chT 1920 58th"]
[Site "Denmark"]
[Date "2020.01.11"]
[Round "4.5"]
[White "Christensen, Jan"]
[Black "Rosenkilde, Alexander"]
[Result "0-1"]
[WhiteElo "2177"]
[BlackElo "2252"]
[PlyCount "74"]
[EventDate "2019.11.23"]
[EventType "team-tourn"]
[EventRounds "9"]
[EventCountry "DEN"]
[SourceTitle "CBM 195 Extra"]
[Source "ChessBase"]
[SourceDate "2020.05.31"]
[SourceVersion "1"]
[SourceVersionDate "2020.05.31"]
[SourceQuality "1"]
[WhiteTeam "Nordre"]
[BlackTeam "Jetsmark"]
[WhiteTeamCountry "DEN"]
[BlackTeamCountry "DEN"]

1. d4 d5 2. c4 c6 3. Nf3 Nf6 4. Nc3 dxc4 5. a4 Bf5 6. Ne5 e6 7. g3 Bb4 8. Bg2 a5 9. 0-0 0-0 10. Nxc4 Nbd7 11. e4 Bg6 12. Qb3 Nb6 13. Nxb6 Qxb6 14. d5 exd5 15. exd5 Bd3 16. Be3 Qa6 17. dxc6 Bc4 18. Qc2 Bxf1 19. Rxf1 bxc6 20. Na2 Nd5 21. Bd4 Be7 22. Rc1 Bf6 23. Bxf6 Nxf6 24. Qxc6 Qxc6 25. Rxc6 Rab8 26. Rc2 Rfd8 27. Bf3 Rb3 28. Be2 Ne4 29. f3 Nd2 30. Kf2 g6 31. Nc3 Rb4 32. Ke1 Nb3 33. Bb5 Nd4 34. Rf2 Kg7 35. Kf1 Nxb5 36. axb5 Rb3 37. Rc2 Rd4 0-1

[Event "Helsingor Xtracon op"]
[Site "Helsingor"]
[Date "2019.07.28"]
[Round "10"]
[White "Rosenkilde, Alexander"]
[Black "Christiansen, Jens Jorgen"]
[Result "1-0"]
[WhiteElo "2255"]
[BlackElo "2053"]
[PlyCount "177"]
[EventDate "2019.07.20"]
[EventType "swiss"]
[EventRounds "10"]
[EventCountry "DEN"]
[SourceTitle "CBM 191 Extra"]
[Source "ChessBase"]
[SourceDate "2019.09.30"]
[SourceVersion "1"]
[SourceVersionDate "2019.09.30"]
[SourceQuality "1"]

1. d4 d5 2. c4 c6 3. Nf3 Nf6 4. e3 Bf5 5. Nc3 e6 6. Nh4 Bg6 7. Be2 Nbd7 8. 0-0 Be7 9. g3 0-0 10. Nxg6 hxg6 11. Qc2 a6 12. e4 dxe4 13. Rd1 Rc8 14. Nxe4 Nxe4 15. Qxe4 Nf6 16. Qf3 Qa5 17. Bf4 Qf5 18. g4 Qe4 19. Qxe4 Nxe4 20. Bf3 Nd6 21. b3 g5 22. Be5 f6 23. Bg3 Rfd8 24. Re1 Kf7 25. Re2 f5 26. Be5 fxg4 27. Bxg4 Nf5 28. Bxf5 exf5 29. Bxg7 Bf6 30. Bxf6 Kxf6 31. Rae1 g4 32. Re7 b5 33. R1e6+ Kg5 34. Rg7+ Kf4 35. Rf7 bxc4 36. Re5 Kg5 37. Rexf5+ Kg6 38. R5f6+ Kg5 39. Rf5+ Kg6 40. bxc4 Rxd4 41. R7f6+ Kg7 42. c5 Ra4 43. Rd6 Rxa2 44. Rg5+ Kf7 45. Rxg4 Rc2 46. Rg5 a5 47. Kg2 a4 48. Rd4 Ra8 49. Rgg4 Rxc5 50. Rxa4 Rxa4 51. Rxa4 Rc2 52. h4 Kg6 53. Kg3 Kh5 54. Re4 Rc1 55. Re5+ Kg6 56. Kf4 c5 57. Rg5+ Kf6 58. Rf5+ Kg6 59. Rd5 c4 60. Rc5 c3 61. Ke3 c2 62. Ke2 Kh6 63. f3 Kg6 64. Rc3 Rh1 65. Rxc2 Rxh4 66. Ke3 Kf5 67. Rc5+ Kf6 68. Kf2 Rb4 69. Kg3 Rb3 70. Kg4 Rb1 71. Rc6+ Kf7 72. f4 Ra1 73. Kg5 Ra7 74. f5 Kg7 75. Rg6+ Kh7 76. Rh6+ Kg8 77. Kg6 Ra2 78. Rh1 Rg2+ 79. Kf6 Rb2 80. Re1 Kf8 81. Re6 Rh2 82. Kg6 Rg2+ 83. Kf6 Rh2 84. Re1 Rb2 85. Ra1 Rb6+ 86. Kg5 Rb2 87. Kg6 Rb6+ 88. f6 Rb8 89. Rh1 1-0

[Event "Helsingor Xtracon op"]
[Site "Helsingor"]
[Date "2019.07.27"]
[Round "9"]
[White "Holinka, Henning"]
[Black "Rosenkilde, Alexander"]
[Result "1/2-1/2"]
[WhiteElo "2021"]
[BlackElo "2255"]
[PlyCount "61"]
[EventDate "2019.07.20"]
[EventType "swiss"]
[EventRounds "10"]
[EventCountry "DEN"]
[SourceTitle "CBM 191 Extra"]
[Source "ChessBase"]
[SourceDate "2019.09.30"]
[SourceVersion "1"]
[SourceVersionDate "2019.09.30"]
[SourceQuality "1"]

1. e4 c5 2. Nf3 d6 3. d4 cxd4 4. Nxd4 Nf6 5. Nc3 a6 6. Bg5 e6 7. f4 Be7 8. Qf3 0-0 9. 0-0-0 Qc7 10. g4 b5 11. Bxf6 Bxf6 12. g5 Bxd4 13. Rxd4 Nc6 14. Rd2 b4 15. Ne2 Qa5 16. Qb3 Qc5 17. Qd3 Rd8 18. Nd4 a5 19. Nxc6 Qxc6 20. Qc4 Bb7 21. Qxc6 Bxc6 22. Bg2 Ra7 23. Rhd1 Rad7 24. f5 exf5 25. exf5 Bxg2 26. Rxg2 d5 27. Re2 Kf8 28. Re5 Rd6 29. Rde1 f6 30. gxf6 Rxf6 31. Kd2 1/2-1/2

[Event "Helsingor Xtracon op"]
[Site "Helsingor"]
[Date "2019.07.23"]
[Round "5"]
[White "Cramling, Pia"]
[Black "Rosenkilde, Alexander"]
[Result "1/2-1/2"]
[WhiteElo "2479"]
[BlackElo "2255"]
[PlyCount "181"]
[EventDate "2019.07.20"]
[EventType "swiss"]
[EventRounds "10"]
[EventCountry "DEN"]
[SourceTitle "CBM 191 Extra"]
[Source "ChessBase"]
[SourceDate "2019.09.30"]
[SourceVersion "1"]
[SourceVersionDate "2019.09.30"]
[SourceQuality "1"]

1. Nf3 Nf6 2. c4 e6 3. Nc3 Bb4 4. Qc2 0-0 5. a3 Bxc3 6. Qxc3 a5 7. b3 d6 8. g3 b6 9. Bg2 Bb7 10. Bb2 Nbd7 11. 0-0 c5 12. Rad1 Qc7 13. d3 Rfd8 14. e4 e5 15. Nh4 Nb8 16. Bh3 Nc6 17. Qd2 Bc8 18. Bxc8 Raxc8 19. f4 Ne8 20. Rf2 f6 21. Rdf1 Qd7 22. f5 Nd4 23. Bxd4 cxd4 24. a4 Nc7 25. Rg2 Na6 26. g4 Rf8 27. Kh1 Rc7 28. g5 Qd8 29. Nf3 Nc5 30. Qd1 Kh8 31. Rfg1 Qe8 32. Nh4 Kg8 33. Rg3 Ra7 34. Rh3 Rb7 35. Nf3 Qd8 36. Rg4 g6 37. fxg6 hxg6 38. Rgh4 Rg7 39. gxf6 Qxf6 40. Ng5 Qxg5 41. Rh8+ Kf7 42. Rf3+ Ke7 43. Rhxf8 Ne6 44. Rb8 Nf4 45. Rg3 Qh4 46. Rxb6 Rh7 47. Rb7+ Kf6 48. Rxh7 Qxh7 49. Kg1 Qb7 50. h4 Qb4 51. Rf3 Ke7 52. Kf2 Qc3 53. Kg3 Nh5+ 54. Kg4 Qb2 55. Qf1 Qh2 56. Kg5 Nf4 57. Rxf4 exf4 58. Qxf4 Qg1+ 59. Qg4 Qe3+ 60. Kxg6 Qxd3 61. h5 Qf1 62. Qg5+ Ke8 63. Qb5+ Ke7 64. Qb7+ Ke8 65. Qb8+ Ke7 66. Qa7+ Ke6 67. Qxd4 Qf7+ 68. Kg5 Qg8+ 69. Kf4 Qf7+ 70. Ke3 Qf1 71. Qd5+ Ke7 72. Qg5+ Ke8 73. Qg6+ Ke7 74. Qg5+ Ke8 75. Qb5+ Ke7 76. Qxa5 Qg1+ 77. Kf3 Qh1+ 78. Kg4 Qxe4+ 79. Kg5 Qe3+ 80. Kg4 Qe4+ 81. Kg3 Qe3+ 82. Kg2 Qe2+ 83. Kg1 Qe3+ 84. Kf1 Qf3+ 85. Ke1 Qe3+ 86. Kd1 Qxb3+ 87. Kd2 Qb2+ 88. Ke3 Qb3+ 89. Kd4 Qd1+ 90. Ke3 Qd4+ 91. Kxd4 1/2-1/2

[Event "Helsingor Xtracon op"]
[Site "Helsingor"]
[Date "2019.07.21"]
[Round "3"]
[White "Hjartarson, Johann"]
[Black "Rosenkilde, Alexander"]
[Result "1-0"]
[WhiteElo "2513"]
[BlackElo "2255"]
[PlyCount "55"]
[EventDate "2019.07.20"]
[EventType "swiss"]
[EventRounds "10"]
[EventCountry "DEN"]
[SourceTitle "CBM 191 Extra"]
[Source "ChessBase"]
[SourceDate "2019.09.30"]
[SourceVersion "1"]
[SourceVersionDate "2019.09.30"]
[SourceQuality "1"]

1. d4 Nf6 2. c4 e6 3. Nc3 Bb4 4. e3 b6 5. Bd3 Bb7 6. Nf3 0-0 7. 0-0 d5 8. cxd5 exd5 9. a3 Bd6 10. b4 a6 11. Qb3 Re8 12. Bb2 Nbd7 13. Rac1 c6 14. Ne2 Ne4 15. Rfd1 Ndf6 16. Ne5 Rc8 17. f3 Ng5 18. Ng3 Nd7 19. f4 Ne6 20. Qc2 g6 21. Qf2 Nef8 22. e4 Nf6 23. f5 Rc7 24. fxg6 fxg6 25. Rf1 Nxe4 26. Bxe4 dxe4 27. Nxe4 Ree7 28. Nxd6 1-0

[Event "DEN-chT 1819 57th"]
[Site "Denmark"]
[Date "2019.03.16"]
[Round "8.3"]
[White "Rosenkilde, Alexander"]
[Black "Ostergaard, Jens"]
[Result "0-1"]
[WhiteElo "2239"]
[BlackElo "2225"]
[PlyCount "92"]
[EventDate "2018.10.27"]
[EventType "team-tourn"]
[EventRounds "9"]
[EventCountry "DEN"]
[SourceTitle "CBM 189 Extra"]
[Source "ChessBase"]
[SourceDate "2019.05.31"]
[SourceVersion "1"]
[SourceVersionDate "2019.05.31"]
[SourceQuality "1"]
[WhiteTeam "Jetsmark"]
[BlackTeam "Hillerod"]
[WhiteTeamCountry "DEN"]
[BlackTeamCountry "DEN"]

1. d4 Nf6 2. c4 e6 3. g3 d5 4. Nf3 Bb4+ 5. Bd2 Bd6 6. Bg2 0-0 7. 0-0 c6 8. Qc2 b6 9. Bg5 h6 10. Bxf6 Qxf6 11. Nbd2 Ba6 12. e4 Qd8 13. Rfd1 Bb7 14. Rac1 Nd7 15. e5 Be7 16. cxd5 cxd5 17. Bf1 a6 18. Qb3 b5 19. a4 b4 20. Bd3 a5 21. Bb1 Ba6 22. Qc2 g6 23. Nf1 Kg7 24. b3 Rc8 25. Qd2 Qb6 26. Ne3 Rc3 27. h4 h5 28. g4 Rh8 29. Rxc3 bxc3 30. Qxc3 Be2 31. Nh2 Bxd1 32. Nxd1 hxg4 33. Nxg4 Rxh4 34. Nde3 Qb4 35. Qxb4 Bxb4 36. f3 Bc3 37. Nc2 f5 38. exf6+ Nxf6 39. Ne5 Rxd4 40. Ne3 Rd2 41. Nc6 d4 42. Nf1 Rb2 43. Bd3 Nd5 44. Ng3 Nf4 45. Bf1 d3 46. Ne4 Bf6 0-1

[Event "EU-Cup 34th"]
[Site "Porto Carras"]
[Date "2018.10.13"]
[Round "2.3"]
[White "Valner, Uku"]
[Black "Rosenkilde, Alexander"]
[Result "1-0"]
[WhiteElo "2236"]
[BlackElo "2239"]
[PlyCount "87"]
[EventDate "2018.10.12"]
[EventType "team-swiss"]
[EventRounds "7"]
[EventCountry "GRE"]
[SourceTitle "CBM 187"]
[Source "ChessBase"]
[SourceDate "2018.12.11"]
[SourceVersion "1"]
[SourceVersionDate "2018.12.11"]
[SourceQuality "1"]
[WhiteTeam "Reval Sport"]
[BlackTeam "Jetsmark"]
[WhiteTeamCountry "EST"]
[BlackTeamCountry "DEN"]

1. e4 c5 2. Nc3 d6 3. g3 g6 4. Bg2 Bg7 5. d3 Nc6 6. Be3 e6 7. Qd2 Rb8 8. Nge2 Nd4 9. Nd1 b5 10. 0-0 b4 11. Nc1 Ne7 12. c3 bxc3 13. bxc3 Ndc6 14. Bh6 0-0 15. Bxg7 Kxg7 16. Ne3 Qb6 17. Rd1 Ba6 18. Nb3 Ne5 19. f4 c4 20. fxe5 cxb3 21. exd6 Qxd6 22. axb3 Rxb3 23. d4 Rc8 24. Rdc1 Qb6 25. Ra2 Rb1 26. Rxb1 Qxb1+ 27. Kf2 Qb6 28. Rb2 Qa5 29. Ra2 Qb6 30. Bf3 Bc4 31. Rb2 Qc7 32. d5 Qc5 33. Rb4 exd5 34. exd5 Ba6 35. Qd4+ Qxd4 36. Rxd4 Kf8 37. d6 Nf5 38. Nxf5 gxf5 39. Bc6 f6 40. d7 Rd8 41. c4 Ke7 42. c5 Rb8 43. Rh4 Rb2+ 44. Ke1 1-0

[Event "DEN-chT 1718 56th"]
[Site "Denmark"]
[Date "2018.03.11"]
[Round "9.3"]
[White "Rosenkilde, Alexander"]
[Black "Christensen, Jan"]
[Result "1/2-1/2"]
[WhiteElo "2216"]
[BlackElo "2180"]
[PlyCount "41"]
[EventDate "2017.11.18"]
[EventType "team-tourn"]
[EventRounds "9"]
[EventCountry "DEN"]
[SourceTitle "EXT 2019"]
[Source "ChessBase"]
[SourceDate "2018.10.10"]
[SourceVersion "1"]
[SourceVersionDate "2018.10.10"]
[SourceQuality "1"]
[WhiteTeam "Jetsmark"]
[BlackTeam "Nordre"]
[WhiteTeamCountry "DEN"]
[BlackTeamCountry "DEN"]

1. d4 Nf6 2. c4 c5 3. d5 b5 4. cxb5 a6 5. bxa6 g6 6. Nc3 Bg7 7. Nf3 0-0 8. g3 d6 9. Bg2 Nxa6 10. 0-0 Qa5 11. Bd2 Nc7 12. Qc2 Bb7 13. Rab1 Qa7 14. e4 Nd7 15. b3 Qa3 16. Rfe1 Rfb8 17. Na4 Ba6 18. Bc1 Qb4 19. Bd2 Qa3 20. Bc1 Qb4 21. Bd2 1/2-1/2

[Event "DEN-chT 1718 56th"]
[Site "Denmark"]
[Date "2018.01.14"]
[Round "6.2"]
[White "Pedersen, Nicolai Kvist Brond"]
[Black "Rosenkilde, Alexander"]
[Result "1/2-1/2"]
[WhiteElo "2180"]
[BlackElo "2216"]
[PlyCount "86"]
[EventDate "2017.11.18"]
[EventType "team-tourn"]
[EventRounds "9"]
[EventCountry "DEN"]
[SourceTitle "EXT 2019"]
[Source "ChessBase"]
[SourceDate "2018.10.10"]
[SourceVersion "1"]
[SourceVersionDate "2018.10.10"]
[SourceQuality "1"]
[WhiteTeam "BMS"]
[BlackTeam "Jetsmark"]
[WhiteTeamCountry "DEN"]
[BlackTeamCountry "DEN"]

1. d4 Nf6 2. c4 e6 3. g3 d5 4. Nf3 Bb4+ 5. Bd2 Be7 6. Bg2 0-0 7. 0-0 c6 8. Bf4 b6 9. Nc3 Nh5 10. Bxb8 Rxb8 11. Ne5 Bb7 12. cxd5 cxd5 13. Rc1 Nf6 14. Qa4 a6 15. Qb3 b5 16. e3 Nd7 17. Nxd7 Qxd7 18. Ne2 b4 19. Qc2 Rfc8 20. Qd2 a5 21. Rxc8+ Rxc8 22. Rc1 Ba6 23. Bf1 Bd6 24. Rxc8+ Qxc8 25. Qc1 Qc4 26. b3 Qxc1 27. Nxc1 Bc8 28. Nd3 f6 29. f4 Kf7 30. Kf2 Ke7 31. Ke2 Bd7 32. Kd2 Be8 33. Be2 g6 34. Bf3 h6 35. Kc2 Bf7 36. Kd2 Bc7 37. Bg2 Bb6 38. Bf3 Kd6 39. Bg2 g5 40. Bf3 Bg6 41. Ke2 Bf5 42. Kd2 g4 43. Bd1 h5 1/2-1/2

[Event "DEN-chT 1718 56th"]
[Site "Denmark"]
[Date "2017.12.17"]
[Round "4.5"]
[White "Rosenkilde, Alexander"]
[Black "Rendboe, John Filip"]
[Result "1/2-1/2"]
[WhiteElo "2216"]
[BlackElo "2127"]
[PlyCount "111"]
[EventDate "2017.11.18"]
[EventType "team-tourn"]
[EventRounds "9"]
[EventCountry "DEN"]
[SourceTitle "EXT 2019"]
[Source "ChessBase"]
[SourceDate "2018.10.10"]
[SourceVersion "1"]
[SourceVersionDate "2018.10.10"]
[SourceQuality "1"]
[WhiteTeam "Jetsmark"]
[BlackTeam "Aarhus/Skolerne"]
[WhiteTeamCountry "DEN"]
[BlackTeamCountry "DEN"]

1. d4 d5 2. c4 e6 3. Nf3 Nf6 4. g3 Bb4+ 5. Bd2 Bxd2+ 6. Nbxd2 0-0 7. Bg2 b6 8. b4 c6 9. 0-0 a5 10. a3 axb4 11. axb4 Rxa1 12. Qxa1 dxc4 13. Nxc4 Nd5 14. Rb1 Qe7 15. e4 Nxb4 16. Nxb6 Ba6 17. Qc3 Nd3 18. Bf1 Qf6 19. Kg2 Nf4+ 20. gxf4 Qg6+ 21. Kh1 Qxe4 22. Re1 Qxf4 23. Bg2 Rd8 24. Qe3 Qc7 25. Na4 Nd7 26. Ne5 Nxe5 27. Qxe5 Qxe5 28. dxe5 Rd2 29. Kg1 Bb5 30. Nc3 Rc2 31. Nxb5 cxb5 32. Bf1 Rc5 33. Rb1 Rxe5 34. Rxb5 Rxb5 35. Bxb5 e5 36. Kg2 g6 37. Kg3 Kg7 38. Kg4 f5+ 39. Kg5 h6+ 40. Kh4 Kf7 41. Kg3 Ke7 42. Kf3 g5 43. Ke3 g4 44. Bf1 Kf6 45. h4 gxh3 46. Bxh3 Kg5 47. Bf1 h5 48. Kf3 h4 49. Bh3 Kf6 50. Bf1 Kg5 51. Be2 Kf6 52. Kg2 Kg5 53. Kh3 e4 54. Bd1 f4 55. Ba4 e3 56. fxe3 1/2-1/2

[Event "DEN-chT 1718 56th"]
[Site "Denmark"]
[Date "2017.11.18"]
[Round "1.2"]
[White "Hoi, Carsten"]
[Black "Rosenkilde, Alexander"]
[Result "1/2-1/2"]
[WhiteElo "2354"]
[BlackElo "2216"]
[PlyCount "43"]
[EventDate "2017.11.18"]
[EventType "team-tourn"]
[EventRounds "9"]
[EventCountry "DEN"]
[SourceTitle "CBM 181 Extra"]
[Source "ChessBase"]
[SourceDate "2017.12.12"]
[SourceVersion "1"]
[SourceVersionDate "2017.12.12"]
[SourceQuality "1"]
[WhiteTeam "Bronshoj"]
[BlackTeam "Jetsmark"]
[WhiteTeamCountry "DEN"]
[BlackTeamCountry "DEN"]

1. d4 Nf6 2. c4 e6 3. Nc3 Bb4 4. e3 0-0 5. Bd3 d5 6. Nge2 dxc4 7. Bxc4 c5 8. a3 cxd4 9. axb4 dxc3 10. Qxd8 Rxd8 11. Nxc3 Nc6 12. b5 Ne5 13. Be2 Nd3+ 14. Bxd3 Rxd3 15. Ke2 Rd8 16. e4 e5 17. Bg5 Be6 18. Rhd1 Bc4+ 19. Kf3 a6 20. b6 Bb3 21. Rxd8+ Rxd8 22. Ra5 1/2-1/2

[Event "Helsingor Xtracon op"]
[Site "Helsingor"]
[Date "2017.07.30"]
[Round "10"]
[White "Lahlum, Hans Olav"]
[Black "Rosenkilde, Alexander"]
[Result "1/2-1/2"]
[WhiteElo "2131"]
[BlackElo "2274"]
[PlyCount "57"]
[EventDate "2017.07.22"]
[EventType "swiss"]
[EventRounds "10"]
[EventCountry "DEN"]
[SourceTitle "CBM 179 Extra"]
[Source "ChessBase"]
[SourceDate "2017.08.23"]
[SourceVersion "1"]
[SourceVersionDate "2017.08.23"]
[SourceQuality "1"]

1. d4 Nf6 2. c4 e6 3. Nc3 Bb4 4. Qc2 0-0 5. a3 Bxc3+ 6. Qxc3 d5 7. Bg5 dxc4 8. Qxc4 b6 9. Nf3 Ba6 10. Qa4 Qc8 11. Bxf6 gxf6 12. g3 Nd7 13. Bg2 c5 14. Rc1 Rb8 15. dxc5 bxc5 16. Qg4+ Kh8 17. b4 Qd8 18. Qf4 cxb4 19. axb4 Qb6 20. Rb1 Rfc8 21. Qd2 Nc5 22. 0-0 Ne4 23. Qf4 Rc4 24. Nd2 Nxd2 25. Qxf6+ Kg8 26. Qg5+ Kh8 27. Qf6+ Kg8 28. Qg5+ Kh8 29. Qf6+ 1/2-1/2

[Event "Helsingor Xtracon op"]
[Site "Helsingor"]
[Date "2017.07.29"]
[Round "9"]
[White "Rosenkilde, Alexander"]
[Black "Schack, Asbjorn Hovgaard"]
[Result "1-0"]
[WhiteElo "2274"]
[BlackElo "2053"]
[PlyCount "67"]
[EventDate "2017.07.22"]
[EventType "swiss"]
[EventRounds "10"]
[EventCountry "DEN"]
[SourceTitle "CBM 179 Extra"]
[Source "ChessBase"]
[SourceDate "2017.08.23"]
[SourceVersion "1"]
[SourceVersionDate "2017.08.23"]
[SourceQuality "1"]

1. d4 Nf6 2. c4 g6 3. Nc3 Bg7 4. Nf3 0-0 5. Bg5 d6 6. e3 c5 7. d5 e5 8. Be2 h6 9. Bxf6 Bxf6 10. Nd2 Bg7 11. h4 f5 12. g4 Na6 13. h5 g5 14. gxf5 Bxf5 15. Nde4 Nc7 16. Ng3 e4 17. Ngxe4 Qe7 18. Bd3 b5 19. Ng3 Bxd3 20. Qxd3 b4 21. Nd1 Be5 22. Qg6+ Qg7 23. Nf5 Qxg6 24. Ne7+ Kg7 25. Nxg6 Rf5 26. Rc1 Ne8 27. Rc2 Nf6 28. Ne7 Rf3 29. Ke2 g4 30. Rh4 Rh3 31. Nf5+ Kh7 32. Rxh3 gxh3 33. f4 Ne4 34. Kf3 1-0

[Event "Helsingor Xtracon op"]
[Site "Helsingor"]
[Date "2017.07.24"]
[Round "4"]
[White "Meyer, Juergen"]
[Black "Rosenkilde, Alexander"]
[Result "0-1"]
[WhiteElo "1928"]
[BlackElo "2274"]
[PlyCount "82"]
[EventDate "2017.07.22"]
[EventType "swiss"]
[EventRounds "10"]
[EventCountry "DEN"]
[SourceTitle "CBM 179 Extra"]
[Source "ChessBase"]
[SourceDate "2017.08.23"]
[SourceVersion "1"]
[SourceVersionDate "2017.08.23"]
[SourceQuality "1"]

1. e4 c5 2. Nf3 d6 3. d4 cxd4 4. Qxd4 Nc6 5. Bb5 Bd7 6. Bxc6 Bxc6 7. Nc3 Nf6 8. Bg5 e6 9. 0-0-0 Be7 10. Qd3 Qa5 11. Bd2 Qa6 12. Qxa6 bxa6 13. Rde1 0-0 14. Nd4 Bb7 15. Nb3 Rac8 16. f3 Nd7 17. Bf4 Rfd8 18. Rd1 Nb6 19. Rd3 d5 20. Rhd1 Bf6 21. e5 Be7 22. Be3 Nc4 23. Bd4 Bg5+ 24. Kb1 Bf4 25. Re1 Bxh2 26. Nd2 Bg3 27. Re2 Nb6 28. a4 Bc6 29. Nf1 Bh4 30. b3 Rd7 31. Bc5 Bb7 32. Bb4 Rdc7 33. Kb2 Bc6 34. a5 Nd7 35. g3 Bd8 36. Bd6 Rb7 37. Re1 Bxa5 38. Ra1 Bb6 39. Rxa6 d4 40. Na4 Bb5 41. Nxb6 Nxb6 0-1

[Event "NATO-ch 28th"]
[Site "Budapest"]
[Date "2017.03.30"]
[Round "6"]
[White "Pavlidis, Anastasios"]
[Black "Rosenkilde, Alexander"]
[Result "1/2-1/2"]
[WhiteElo "2380"]
[BlackElo "2246"]
[PlyCount "61"]
[EventDate "2017.03.27"]
[EventType "swiss"]
[EventRounds "7"]
[EventCountry "HUN"]
[SourceTitle "CBM 177 Extra"]
[Source "ChessBase"]
[SourceDate "2017.04.27"]
[SourceVersion "1"]
[SourceVersionDate "2017.04.27"]
[SourceQuality "1"]

1. d4 Nf6 2. c4 e6 3. Nf3 b6 4. a3 Bb7 5. Nc3 d5 6. cxd5 Nxd5 7. Qc2 Be7 8. e4 Nxc3 9. bxc3 0-0 10. Bd3 c5 11. 0-0 Qc7 12. Qe2 Rd8 13. h4 Nc6 14. Be3 Rac8 15. e5 Na5 16. Ng5 g6 17. Qg4 cxd4 18. cxd4 Nc4 19. Nxe6 Nxe3 20. fxe3 fxe6 21. Bxg6 Rf8 22. Rac1 Rxf1+ 23. Rxf1 Rf8 24. Be4+ Kh8 25. Rxf8+ Bxf8 26. Bxb7 Qxb7 27. Qxe6 Qe4 28. Qf6+ Kg8 29. Qe6+ Kh8 30. Qf6+ Kg8 31. Qe6+ 1/2-1/2

[Event "DEN-chT 1617 55th"]
[Site "Denmark"]
[Date "2017.03.19"]
[Round "9.2"]
[White "Nordenbaek, Jan"]
[Black "Rosenkilde, Alexander"]
[Result "1/2-1/2"]
[WhiteElo "2170"]
[BlackElo "2240"]
[PlyCount "47"]
[EventDate "2016.10.29"]
[EventType "team-tourn"]
[EventRounds "9"]
[EventCountry "DEN"]
[SourceTitle "EXT 2018"]
[Source "ChessBase"]
[SourceDate "2017.10.13"]
[SourceVersion "1"]
[SourceVersionDate "2017.10.13"]
[SourceQuality "1"]
[WhiteTeam "Hillerod"]
[BlackTeam "Jetsmark"]
[WhiteTeamCountry "DEN"]
[BlackTeamCountry "DEN"]

1. e4 c5 2. Nf3 Nc6 3. Nc3 Nf6 4. d4 cxd4 5. Nxd4 e5 6. Ndb5 d6 7. Bg5 a6 8. Na3 b5 9. Bxf6 gxf6 10. Nd5 f5 11. c3 Bg7 12. Bd3 Be6 13. Nc2 Bxd5 14. exd5 Ne7 15. a4 e4 16. Be2 bxa4 17. Ne3 0-0 18. Rxa4 a5 19. 0-0 Qb6 20. Qd2 Qc5 21. Rc4 Qb6 22. Ra4 Qc5 23. Rc4 Qb6 24. Rc1 1/2-1/2

[Event "DEN-chT 1617 55th"]
[Site "Denmark"]
[Date "2017.02.26"]
[Round "7.2"]
[White "Rosenkilde, Alexander"]
[Black "Ramsdal, Jens Albert"]
[Result "1/2-1/2"]
[WhiteElo "2240"]
[BlackElo "2201"]
[PlyCount "54"]
[EventDate "2016.10.29"]
[EventType "team-tourn"]
[EventRounds "9"]
[EventCountry "DEN"]
[SourceTitle "EXT 2018"]
[Source "ChessBase"]
[SourceDate "2017.10.13"]
[SourceVersion "1"]
[SourceVersionDate "2017.10.13"]
[SourceQuality "1"]
[WhiteTeam "Jetsmark"]
[BlackTeam "Copenhagen 68"]
[WhiteTeamCountry "DEN"]
[BlackTeamCountry "DEN"]

1. d4 Nf6 2. c4 g6 3. Nc3 Bg7 4. e4 d6 5. Be2 0-0 6. Nf3 Na6 7. 0-0 e5 8. Be3 h6 9. d5 Ng4 10. Bd2 f5 11. exf5 gxf5 12. g3 Nf6 13. Nh4 Nc5 14. f3 a5 15. Qc1 Kh7 16. Qc2 Nh5 17. f4 Nxf4 18. Bxf4 exf4 19. Rxf4 Qg5 20. Raf1 Kg8 21. Nxf5 Bxf5 22. Rxf5 Qe3+ 23. Kg2 Rxf5 24. Rxf5 Re8 25. Bh5 Nd3 26. Bf7+ Kh8 27. Kh3 Re5 1/2-1/2

[Event "NATO-ch 27th"]
[Site "Shrivenham"]
[Date "2016.08.25"]
[Round "6"]
[White "Bohn, Ulrich"]
[Black "Rosenkilde, Alexander"]
[Result "1/2-1/2"]
[WhiteElo "2159"]
[BlackElo "2211"]
[PlyCount "54"]
[EventDate "2016.08.22"]
[EventType "swiss"]
[EventRounds "7"]
[EventCountry "ENG"]
[SourceTitle "EXT 2018"]
[Source "ChessBase"]
[SourceDate "2017.10.13"]
[SourceVersion "1"]
[SourceVersionDate "2017.10.13"]
[SourceQuality "1"]

1. e4 c5 2. c3 d5 3. exd5 Qxd5 4. d4 Nc6 5. Nf3 Bg4 6. dxc5 Qxd1+ 7. Kxd1 e5 8. b4 a5 9. b5 Nd8 10. c6 bxc6 11. Nbd2 f6 12. a4 Ne7 13. Kc2 Nd5 14. Nc4 Bf5+ 15. Kb2 Bc5 16. Be3 Nxe3 17. Nxe3 Be6 18. Nd2 Ke7 19. Nb3 Bxe3 20. fxe3 cxb5 21. Bxb5 Bxb3 22. Kxb3 Ne6 23. Rhd1 Rhd8 24. Rab1 Nc5+ 25. Kc2 Rxd1 26. Rxd1 Rd8 27. Rb1 Rb8 1/2-1/2